| 000 | 00736nam a22002417a 4500 | ||
|---|---|---|---|
| 001 | sjds | ||
| 003 | sjds | ||
| 005 | 20240317195620.0 | ||
| 008 | 220617b ag ||||| |||| 00| 0 spa d | ||
| 020 | _a9789501106121 | ||
| 020 | _a9501106128 | ||
| 020 | _a9789501180473 (series) | ||
| 040 | _csjds | ||
| 041 | _aspa | ||
| 100 | 1 | 0 | _aSmith, Kathie Billingslea |
| 245 | 1 | 0 |
_aComo? / _ctextos de Kathie Billingslea Smith ; ilustraciones de Robert S. Storms ; traduccion de Olga Colella. |
| 260 |
_aBuenos Aires : _b Editorial Sigmar, _cc1987. |
||
| 300 |
_a24 unnumbered pages : _bcolor illustrations ; _c 21 cm |
||
| 440 | _aColeccion mil preguntas | ||
| 700 | 1 | 0 | _aStorms, Robert S. |
| 700 | 1 | 0 | _aColella, Olga |
| 942 |
_cBK _2ddc |
||
| 999 |
_c27080 _d27080 |
||